Moderné metódy a postupy v oblasti riadenia a optimalizácie vnútropodnikových výrobných procesov diplomová práca

Guardado en:
Detalles Bibliográficos
Autor principal: Horvátová, Jana
Autor Corporativo: Fakulta podnikového manažmentu EU. Katedra manažmentu výroby a logistiky - zrušená
Otros Autores: Džubáková, Martina
Formato: Libro
Lenguaje:eslovaco
Publicado: Bratislava 2015
Etiquetas: Agregar Etiqueta
Sin Etiquetas, Sea el primero en etiquetar este registro!

MARC

LEADER 00000nbm a2200000 4500
001 0201334
005 20161212102438.1
041 0 |a slo 
044 |a SK 
245 1 0 |a Moderné metódy a postupy v oblasti riadenia a optimalizácie vnútropodnikových výrobných procesov  |b diplomová práca  |c Jana Horvátová ; školiteľ: Martina Džubáková 
264 1 |a Bratislava  |c 2015 
300 |a 71 s. 
100 1 |a Horvátová, Jana 
700 1 |a Džubáková, Martina 
710 2 |a Fakulta podnikového manažmentu EU. Katedra manažmentu výroby a logistiky - zrušená